Former Portugese Colonies - Statistics

General Stats
  • This quiz has been taken 474 times
  • The average score is 5 of 8
Answer Stats
Year of Independence Country % Correct
1825 Brazil
98%
1975 Angola
89%
1975 Mozambique
84%
1975 Cape Verde
66%
1975 São Tomé and Príncipe
65%
1975 East Timor
58%
1974 Guinea-Bissau
58%
1602 Bahrain
5%
No matching quizzes found
Score Distribution
Percent of People with Each Score
Percentile by Number Answered
Your Score History
You have not taken this quiz